[Event "CN Juniori Voineasa 2009 - B14"]
[Site "www.frsah.ro"]
[Date "2009.04.09"]
[Round "2.12"]
[White "Munteanu, Ali-Eduard"]
[Black "Lupascu, Matei Alexandru"]
[Result "0-1"]
[WhiteElo "1807"]
[BlackElo "1614"]
[PlyCount "104"]
[EventDate "2009.04.08"]

1. d4 Nf6 2. c4 g6 3. Nc3 Bg7 4. e4 d6 5. Nf3 O-O 6. Bd3 Nbd7 7. O-O e5 8. d5
Nc5 9. Bc2 a5 10. Bg5 h6 11. Be3 Na6 12. Qd2 Ng4 13. Ne1 Nxe3 14. Qxe3 f5 15.
f3 f4 16. Qe2 h5 17. a3 Qg5 18. Kh1 Qh6 19. Nd3 g5 20. Nf2 Qg6 21. Bd1 Bd7 22.
Rb1 Kf7 23. b4 axb4 24. axb4 b6 25. Rg1 Rh8 26. g3 fxg3 27. Rxg3 Ke7 28. Bc2
Raf8 29. b5 Nc5 30. Rbg1 Bf6 31. f4 g4 32. f5 Qf7 33. Ncd1 Ra8 34. Nd3 Nxd3 35.
Rxd3 Ra1 36. Bb3 Rha8 37. Rc3 R8a5 38. Qc2 Qe8 39. Qd2 Qh8 40. Nf2 R1a3 41. Nd3
Qg7 42. Nb4 Ra8 43. Qb2 R3a7 44. Rd3 Qg5 45. Rf1 Qh4 46. Qf2 Qxf2 47. Rxf2 Bh4
48. Re2 Ra1+ 49. Kg2 Rb1 50. Nc2 Bg5 51. Re1 Rb2 52. Red1 Ra3 0-1

[Event "CN Juniori Voineasa 2009 - B14"]
[Site "www.frsah.ro"]
[Date "2009.04.08"]
[Round "1.7"]
[White "Lupascu, Matei Alexandru"]
[Black "Vasile, Claudiu Daniel"]
[Result "1/2-1/2"]
[WhiteElo "1614"]
[BlackElo "1892"]
[PlyCount "128"]
[EventDate "2009.04.08"]

1. d4 d5 2. c4 e6 3. cxd5 exd5 4. Nf3 Nf6 5. Nc3 Be7 6. Bg5 Nbd7 7. e3 O-O 8.
Be2 c6 9. O-O Re8 10. Qc2 Nf8 11. Rfb1 Ne6 12. Bh4 g6 13. b4 a6 14. a4 Ng7 15.
b5 Bf5 16. Bd3 axb5 17. axb5 Rxa1 18. Rxa1 Ne4 19. Bxe7 Qxe7 20. bxc6 bxc6 21.
Ne5 Nxc3 22. Qxc3 c5 23. Bxf5 cxd4 24. exd4 Nxf5 25. f4 f6 26. Ng4 h5 27. Nf2
Nxd4 28. Qa5 Qe6 29. Rd1 Nc6 30. Qd2 Kg7 31. g3 d4 32. Rb1 Re7 33. Kf1 Qd5 34.
Rc1 Na5 35. Qb4 Rb7 36. Qa3 Nc4 37. Qd3 Ne3+ 38. Ke1 Rb2 39. Ne4 f5 40. Rc7+
Kh8 41. Rh7+ Kxh7 42. Nf6+ Kh6 43. Nxd5 Rxh2 44. Nxe3 dxe3 45. Qxe3 h4 46. Qe5
Kh5 47. Qf6 Kg4 48. Qxg6+ Kf3 49. gxh4 Rxh4 50. Qxf5 Rxf4 51. Qh3+ Ke4 52. Ke2
Rf6 53. Qe3+ Kf5 54. Kf3 Kg6+ 55. Kg4 Kg7 56. Qe7+ Kg6 57. Qe8+ Rf7 58. Qe6+
Kg7 59. Kg5 Kg8 60. Qe8+ Kg7 61. Qe5+ Kh7 62. Qe8 Kg7 63. Qc6 Kg8 64. Qe8+ Kg7
1/2-1/2

[Event "Campionatul National de Sah Individ.  M"]
[Site "Eforie Nord"]
[Date "2009.02.04"]
[Round "5.50"]
[White "Linca, Ionel"]
[Black "Lupascu, Matei Alexandru"]
[Result "0-1"]
[WhiteElo "1941"]
[BlackElo "1586"]
[PlyCount "62"]
[EventDate "2009.02.01"]

1. c4 c5 2. Nc3 Nc6 3. g3 g6 4. Bg2 Bg7 5. e3 Nf6 6. d4 d6 7. Nf3 Bf5 8. O-O
O-O 9. Nh4 Bg4 10. Qd2 Rb8 11. h3 Bd7 12. b3 Qc8 13. Kh2 Bh6 14. f4 cxd4 15.
exd4 e5 16. d5 exf4 17. gxf4 Ne7 18. Qf2 b6 19. Ba3 Qc7 20. Rae1 Rfe8 21. f5
Nh5 22. Qd4 Nxf5 23. Nxf5 Bxf5 24. Nb5 Qd7 25. Rxe8+ Rxe8 26. Nxd6 Bg7 27. Qh4
Be5+ 28. Kg1 Bxd6 29. Bxd6 Qxd6 30. Rxf5 gxf5 31. Qxh5 Qg3 0-1

[Event "Campionatul National de Sah Individ.  M"]
[Site "Eforie Nord"]
[Date "2009.02.03"]
[Round "4.51"]
[White "Lupascu, Matei Alexandru"]
[Black "Salagean , Gheorghe"]
[Result "1/2-1/2"]
[WhiteElo "1586"]
[BlackElo "1920"]
[PlyCount "59"]
[EventDate "2009.02.01"]

1. d4 Nf6 2. c4 e6 3. Nf3 h6 4. e3 d5 5. c5 Nc6 6. Bb5 Bd7 7. Nc3 a6 8. Ba4 g5
9. a3 Bg7 10. b4 O-O 11. Bc2 Qe7 12. Qd3 Ne4 13. Nxe4 dxe4 14. Qxe4 f5 15. Qd3
Rad8 16. Bb3 Kh8 17. Bb2 e5 18. dxe5 Nxe5 19. Nxe5 Bxe5 20. Qc2 Bb5 21. Rc1 Bd3
22. Bxe5+ Qxe5 23. Qc3 Qxc3+ 24. Rxc3 f4 25. h4 fxe3 26. fxe3 gxh4 27. Bc4 Bxc4
28. Rxc4 Rd3 29. Rcxh4 Rxe3+ 30. Kd2 1/2-1/2

[Event "Campionatul National de Sah Individual "]
[Site "Eforie Nord"]
[Date "2009.02.02"]
[Round "2.54"]
[White "Lupascu, Matei Alexandru"]
[Black "Toma, Radu Cristian"]
[Result "0-1"]
[WhiteElo "1586"]
[BlackElo "1907"]
[PlyCount "86"]
[EventDate "2009.02.01"]

1. d4 Nf6 2. c4 e6 3. Nf3 b6 4. g3 Bb7 5. Bg2 d6 6. O-O Nbd7 7. b4 Be7 8. Nbd2
Ne4 9. Qc2 f5 10. Nxe4 Bxe4 11. Qb3 O-O 12. Ne1 Bxg2 13. Nxg2 Qe8 14. Nf4 Bf6
15. Bb2 g5 16. Nd3 Qh5 17. c5 d5 18. f3 bxc5 19. Qa4 Nb6 20. Qc6 Bxd4+ 21. Bxd4
cxd4 22. Qxe6+ Qf7 23. Qxf7+ Rxf7 24. Ne5 Re7 25. f4 gxf4 26. gxf4 Nc4 27. Nc6
Re4 28. Kh1 a5 29. Rf3 axb4 30. Rg3+ Kf7 31. Rag1 Rxa2 32. Rg7+ Ke6 33. Rxh7
Kd6 34. Nxb4 Raxe2 35. Rg6+ Re6 36. Rg8 Ne3 37. Nd3 Ng4 38. Rd8+ Kc6 39. Nb4+
Kc5 40. Nc2 c6 41. Na3 Re1+ 42. Kg2 R6e2+ 43. Kg3 Rg1+ 0-1

[Event "Campionatele Nationale Individ"]
[Site "Voineasa"]
[Date "2008.04.18"]
[Round "9.9"]
[White "Ciocanaru, Andrei"]
[Black "Lupascu, Matei Alexandru"]
[Result "0-1"]
[WhiteElo "521"]
[BlackElo "599"]
[PlyCount "122"]
[EventDate "2008.??.??"]

1. e4 c5 2. Nf3 e6 3. d4 cxd4 4. Nxd4 Nc6 5. Nc3 Qc7 6. Ndb5 Qb8 7. Be3 Nf6 8.
a3 Be7 9. Bc4 a6 10. Nd4 b5 11. Ba2 b4 12. Nxc6 dxc6 13. Na4 Nd7 14. axb4 Qxb4+
15. Nc3 Qxb2 16. Bd2 Bb4 17. Rb1 Qa3 18. Rb3 Qa5 19. Qb1 Rb8 20. O-O Rb7 21.
Qb2 $4 Nc5 22. Rxb4 Rxb4 23. Qa1 Rb7 24. e5 O-O 25. Ne4 Qa3 26. Bc1 Qb4 27. Nd6
Rb8 28. Be3 Nd7 29. Rb1 Qa5 30. Rxb8 Nxb8 31. Qb1 Nd7 32. h3 Qxe5 33. Nxc8 Rxc8
34. Qb7 Qc7 35. Qxa6 h6 36. Bf4 e5 37. Bg3 Nb6 38. Qa5 Ra8 39. Bxe5 Rxa5 40.
Bxc7 Rxa2 41. Bxb6 Rxc2 42. Kf1 Rd2 43. Bc5 Rd5 44. Ba3 c5 45. Ke2 c4 46. Bb4
Kh7 47. Ke3 g6 48. Ke4 Rd7 49. Bc3 h5 50. Bb2 Rd2 51. Bd4 Rd3 52. h4 f5+ 53.
Ke5 c3 54. Kf4 Rxd4+ 55. Ke3 Rd8 56. Kf3 c2 57. Kg3 c1=Q 58. f3 f4+ 59. Kh2 Rd1
60. g4 Rh1+ 61. Kg2 Qf1# 0-1

[Event "Campionatele Nationale Individ"]
[Site "Voineasa"]
[Date "2008.04.16"]
[Round "7.7"]
[White "Mereuta, Bogdan-Catalin"]
[Black "Lupascu, Matei Alexandru"]
[Result "1-0"]
[WhiteElo "614"]
[BlackElo "599"]
[PlyCount "59"]
[EventDate "2008.??.??"]

1. e4 c5 2. Nf3 e6 3. Nc3 Nc6 4. d4 cxd4 5. Nxd4 d6 6. Nxc6 bxc6 7. Bd3 d5 8.
exd5 cxd5 9. O-O Bc5 10. Re1 Nf6 11. Bb5+ Bd7 12. Bxd7+ Qxd7 13. Bg5 Rd8 14.
Bxf6 gxf6 15. Qf3 f5 16. Qxf5 Be7 17. Qf3 h5 18. Re5 d4 19. Ne4 f5 20. Nd2 Kf7
21. Rae1 Rh6 22. Qb3 Rf6 23. Nf3 Rg8 24. Qc4 Rgg6 25. Nxd4 Bd6 26. Rxf5 Rxf5
27. Nxf5 Ke8 28. Ne3 Qe7 29. Rd1 Bxh2+ 30. Kxh2 1-0

[Event "Campionatele Nationale Individ"]
[Site "Voineasa"]
[Date "2008.04.15"]
[Round "5.2"]
[White "Gheorghiu, Calin"]
[Black "Lupascu, Matei Alexandru"]
[Result "1-0"]
[WhiteElo "743"]
[BlackElo "599"]
[PlyCount "65"]
[EventDate "2008.??.??"]

1. e4 g6 2. f4 Nc6 3. Nf3 Bg7 4. Nc3 e6 5. g3 Nge7 6. Bg2 d5 7. e5 d4 8. Ne4 d3
9. c3 Rb8 10. b4 b5 11. a4 a5 12. bxa5 bxa4 13. Qxa4 Ra8 14. Nf6+ Bxf6 15. exf6
Rxa5 16. fxe7 Qd6 17. Qxa5 Nxa5 18. Rxa5 Qb6 19. Ra8 Qb7 20. Ra4 c5 21. O-O
Qxe7 22. Ba3 O-O 23. Ne5 Bb7 24. Ra7 Qd6 25. Rxb7 Qa6 26. Bxc5 Rc8 27. Bd4 Qa2
28. Rxf7 Qxd2 29. Rg7+ Kf8 30. Nd7+ Ke8 31. Nf6+ Kf8 32. Rg8+ Ke7 33. Rxc8 1-0

[Event "Campionatele Nationale Individ"]
[Site "Voineasa"]
[Date "2008.04.15"]
[Round "6.7"]
[White "Lupascu, Matei Alexandru"]
[Black "Henchel, Alexandru-Cristian"]
[Result "1/2-1/2"]
[WhiteElo "599"]
[BlackElo "608"]
[PlyCount "128"]
[EventDate "2008.??.??"]

1. c4 e5 2. Nc3 Nf6 3. e3 Bb4 4. a3 Bxc3 5. bxc3 d6 6. g3 Nc6 7. Bg2 O-O 8. d4
h6 9. Ne2 Bf5 10. a4 Qd7 11. a5 Bh3 12. O-O Bxg2 13. Kxg2 Rfd8 14. d5 Ne7 15.
f3 b6 16. e4 c5 17. Be3 Qb7 18. Qb3 Rdb8 19. Rfb1 Nd7 20. g4 g5 21. Ng3 Qa6 22.
Qb5 Qxb5 23. cxb5 Kf8 24. h4 f6 25. a6 Kf7 26. hxg5 hxg5 27. Rh1 Rh8 28. Nh5
Rh7 29. Rh3 Rah8 30. Rah1 Kg6 31. R1h2 Nc8 32. Bd2 Ne7 33. Kg1 Nc8 34. Rg3 Ne7
35. Kf2 Nc8 36. Rg1 Ne7 37. Rhg2 Kf7 38. Ng3 Rh2 39. Nf1 Rxg2+ 40. Rxg2 Kg7 41.
Rg3 Kg6 42. Kg2 Kg7 43. Ne3 Kf7 44. Nc4 Nc8 45. Be3 Ke7 46. Bd2 Rh7 47. Ne3 Nf8
48. Nf5+ Kd7 49. Be3 Ne7 50. Rh3 Rxh3 51. Kxh3 Nxf5 52. gxf5 Ke7 53. Kg4 Kf7
54. Kh5 Kg7 55. c4 Kh7 56. Bg1 Kg7 57. Bh2 Nd7 58. Bg3 Kh7 59. Bf2 Kg7 60. Be3
Kh7 61. Bxg5 fxg5 62. Kxg5 Kg7 63. Kh5 Kf6 64. Kh6 Nf8 1/2-1/2

[Event "Campionatele Nationale Individ"]
[Site "Voineasa"]
[Date "2008.04.14"]
[Round "4.4"]
[White "Lupascu, Matei Alexandru"]
[Black "Nicolae, Marius-Cristian"]
[Result "1-0"]
[WhiteElo "599"]
[BlackElo "467"]
[PlyCount "75"]
[EventDate "2008.??.??"]

1. c4 e5 2. Nc3 Nc6 3. g3 Bc5 4. Bg2 Nf6 5. e3 d6 6. Nge2 Nb4 7. d4 exd4 8.
exd4 Bb6 9. Qa4+ Nc6 10. d5 O-O 11. dxc6 Rb8 12. O-O bxc6 13. Bxc6 Bh3 14. Bg2
Bd7 15. Qd1 Bg4 16. Bg5 h6 17. Bxf6 Qxf6 18. Qd2 Ba5 19. Qd5 Bxc3 20. Nxc3 Rxb2
21. Ne4 Qe7 22. Rfb1 Rxb1+ 23. Rxb1 Re8 24. Rb7 Ra8 25. Rxc7 Qxc7 26. Qxa8+ Kh7
27. Nc3 Bf5 28. Qd5 Be6 29. Qb7 Qa5 30. Be4+ f5 31. Bd5 Bxd5 32. Nxd5 Qe1+ 33.
Kg2 Qe4+ 34. f3 Qxc4 35. Qf7 Qe2+ 36. Kh3 Qe5 37. Ne7 Qxe7 38. Qxe7 1-0

[Event "Campionatele Nationale Individ"]
[Site "?"]
[Date "2008.04.13"]
[Round "?"]
[White "Pacuraru, Codin-Iosif"]
[Black "Lupascu, Matei Alexandru"]
[Result "1/2-1/2"]
[WhiteElo "612"]
[BlackElo "599"]
[PlyCount "114"]
[EventDate "2008.??.??"]

1. d4 Nf6 2. c4 g6 3. Nc3 Bg7 4. e4 d6 5. Bg5 O-O 6. h3 Nbd7 7. Bd3 e5 8. d5 b6
9. g4 Bb7 10. Nge2 Qc8 11. O-O Nc5 12. Bc2 Nxg4 13. Ng3 Nf6 14. Qf3 Ncd7 15. h4
h6 16. Bd2 Kh7 17. Kh2 Rg8 18. Rg1 Nf8 19. a3 Qd7 20. Ba4 c6 21. dxc6 Bxc6 22.
Bb3 Ne6 23. Nd5 Nxd5 24. cxd5 Nd4 25. Qd3 Bb5 26. Qe3 Ba4 27. Bxa4 Qxa4 28.
Rac1 Rac8 29. Rc3 Rxc3 30. Qxc3 h5 31. b4 Qb3 32. Rc1 Nf3+ 33. Kg2 Nxd2 34.
Qxd2 Qxa3 35. Rc7 a5 36. bxa5 bxa5 37. Rxf7 Ra8 38. Qc2 Qc5 39. Qxc5 dxc5 40.
Rc7 a4 41. Rxc5 a3 42. Rc1 a2 43. Ra1 Bf8 44. Ne2 Bb4 45. Nc1 Rc8 46. Nxa2 Ra8
47. Rb1 Bc5 48. Nc1 Ra3 49. Rb3 Ra4 50. Kf3 Kg7 51. Nd3 Bd4 52. Kg3 Ba1 53. f3
Bd4 54. Nb4 g5 55. Nc6 Bc5 56. Rb7+ Kh8 57. Rf7 Ra2 1/2-1/2

[Event "Campionatele Nationale Individ"]
[Site "Voineasa"]
[Date "2008.04.12"]
[Round "2.4"]
[White "Lupascu, Matei Alexandru"]
[Black "Nicolae, Andrei"]
[Result "1-0"]
[WhiteElo "599"]
[BlackElo "567"]
[PlyCount "55"]
[EventDate "2008.??.??"]

1. c4 e5 2. Nc3 Nf6 3. g3 d5 4. cxd5 Nxd5 5. Bg2 Be6 6. a3 Nc6 7. e3 Bc5 8.
Nge2 Bb6 9. b4 a6 10. Bb2 f5 11. Na4 Ba7 12. Nc5 Bxc5 13. bxc5 Qe7 14. Rc1 Rd8
15. d4 e4 16. Nc3 Na5 17. Qa4+ Nc6 18. Nxd5 Bxd5 19. Bc3 O-O 20. Rb1 Rb8 21.
Bf1 f4 22. Bc4 Bxc4 23. Qxc4+ Kh8 24. d5 Qf7 25. gxf4 Ne7 26. Rg1 Rg8 27. Qxe4
Nxd5 28. Be5 1-0